Transputer development system (Record no. 11189)

MARC details
000 -LEADER
fixed length control field 00475nam a2200181Ia 4500
003 - CONTROL NUMBER IDENTIFIER
control field IN-BaIIA
008 - FIXED-LENGTH DATA ELEMENTS--GENERAL INFORMATION
fixed length control field 211028s9999 xx 000 0 eng d
020 ## - INTERNATIONAL STANDARD BOOK NUMBER
International Standard Book Number 0-13-928995-X
040 ## - CATALOGING SOURCE
Transcribing agency IIA Library
080 ## - UNIVERSAL DECIMAL CLASSIFICATION NUMBER
Universal Decimal Classification number 681.31
Item number INM
110 ## - MAIN ENTRY--CORPORATE NAME
Corporate name or jurisdiction name as entry element INMOS
9 (RLIN) 19046
245 #0 - TITLE STATEMENT
Title Transputer development system
Statement of responsibility, etc. INMOS
260 ## - PUBLICATION, DISTRIBUTION, ETC.
Place of publication, distribution, etc. New York
Name of publisher, distributor, etc. Prentice-Hall
Date of publication, distribution, etc. 1988
300 ## - PHYSICAL DESCRIPTION
Extent xx, 491p.
650 ## - SUBJECT ADDED ENTRY--TOPICAL TERM
Topical term or geographic name entry element Astronomy and astrophysics thesaurus
650 ## - SUBJECT ADDED ENTRY--TOPICAL TERM
Topical term or geographic name entry element Transputer
9 (RLIN) 19167
942 ## - ADDED ENTRY ELEMENTS (KOHA)
Koha item type Books
Holdings
Withdrawn status Lost status Damaged status Not for loan Home library Current library Shelving location Date acquired Total Checkouts Full call number Barcode Date last seen Price effective from Koha item type
        IIA Library-Bangalore IIA Library-Bangalore General Stacks 07/02/1995   681.31/ INM 12103 05/11/2021 07/02/1995 Books

Powered by Koha